Борис Годунов (Запись № 2362960)

Подробности
000 -МАРКЕР
контрольное поле 01416nam0a2200301 4500
001 - ИДЕНТИФИКАТОР ЗАПИСИ
контрольное поле RU\NLR\bibl\1858094
005 - ИДЕНТИФИКАТОР ВЕРСИИ
контрольное поле 20260406115839.0
035 ## - ДРУГИЕ СИСТЕМНЫЕ НОМЕРА
Идентификатор записи (NLR Aleph) 001848012
100 ## - ДАННЫЕ ОБЩЕЙ ОБРАБОТКИ
Данные общей обработки 20120118d2009 |||y0rusy50 ca
101 0# - ЯЗЫК РЕСУРСА
Язык текста, звукозаписи и т.д. русский
102 ## - СТРАНА ПУБЛИКАЦИИ ИЛИ ПРОИЗВОДСТВА
Страна публикации Российская Федерация
105 ## - ПОЛЕ КОДИРОВАННЫХ ДАННЫХ: ТЕКСТОВЫЕ МАТЕРИАЛЫ, МОНОГРАФИЧЕСКИЕ
Кодированные данные о монографическом текстовом документе a |||||||||
200 1# - ЗАГЛАВИЕ И СВЕДЕНИЯ ОБ ОТВЕТСТВЕННОСТИ
Основное заглавие Борис Годунов
Сведения, относящиеся к заглавию трагедия
Первые сведения об ответственности Александр Пушкин
Последующие сведения об ответственности ксилографии Василия Масютина
210 ## - ПУБЛИКАЦИЯ, РАСПРОСТРАНЕНИЕ И ДР.
Место издания, распространения и т.д. Москва
Имя издателя, распространителя и т. д. Круг коллекционеров
-- издатели Борис Дулькин,Анатолий Эмдин
Дата издания, распространения и т.д. 2009
215 ## - ФИЗИЧЕСКАЯ ХАРАКТЕРИСТИКА
Специфическое обозначение материала и объем 161, [1] с.
Другие сведения о физической характеристике ил.
Размеры 30
604 ## - ИМЯ И ЗАГЛАВИЕ КАК ПРЕДМЕТ
Связываемые данные 200#1$aМасютин$bВ.Н.$gВасилий Николаевич$f1884 - 1955
-- 2350#$aКнижные иллюстрации
Имя лица Масютин, Василий Николаевич (1884 - 1955)
Заглавие Книжные иллюстрации
Идентификатор авторитетной/нормативной записи RU\NLR\AUTH\661470093
Системный номер авторитетной/нормативной записи 2475816
686 ## - ИНДЕКСЫ ДРУГИХ КЛАССИФИКАЦИЙ
Индекс Ш6(2=Р)51-6
686 ## - ИНДЕКСЫ ДРУГИХ КЛАССИФИКАЦИЙ
Индекс Щ153(2Р=Рус)7-53Масютин
700 #1 - ИМЯ ЛИЦА - ПЕРВИЧНАЯ ОТВЕТСТВЕННОСТЬ
Код отношения Автор
Графика поля Кириллица
Материалы, к которым относится поле rus
Начальный элемент ввода Пушкин
Часть имени, кроме начального элемента ввода А. С.
Дополнения к именам, кроме дат поэт
Даты 1799-1837
Расширение инициалов личного имени Александр Сергеевич
Системный номер авторитетной/нормативной записи 110441
Идентификатор авторитетной/нормативной записи RU\NLR\auth\77386
702 #1 - ИМЯ ЛИЦА - ВТОРИЧНАЯ ОТВЕТСТВЕННОСТЬ
Начальный элемент ввода Масютин
Часть имени, кроме начального элемента ввода В. Н.
Даты 1884-1955
Расширение инициалов личного имени Василий Николаевич
Код отношения Иллюстратор
801 #0 - ИСТОЧНИК ЗАПИСИ
Страна Российская Федерация
Организация NLR
Дата составления 20120118
Правила каталогизации RCR
801 #1 - ИСТОЧНИК ЗАПИСИ
Страна Российская Федерация
Организация NLR
Дата составления 20120118
830 ## - ОБЩЕЕ ПРИМЕЧАНИЕ, СОСТАВЛЕННОЕ КАТАЛОГИЗАТОРОМ
Текст примечания худож. по эе
942 ## - ДОПОЛНИТЕЛЬНЫЕ ЭЛЕМЕНТЫ ЗАПИСИ (АБИС)
Тип экземпляра АБИС Книга
980 ## - КОЛЛЕКЦИЯ
Название коллекции Национальная библиография
Экземпляры
Тип экземпляра Дата поступления Источник поступления Стоимость Библиотека постоянного хранения Библиотека текущего хранения Место хранения Шифр хранения Штрих-код Статус экземпляра
Книга 18.01.2012 Покупка СТ 8000.00 РНБ (Московский) РНБ (Московский) Русский книжный фонд: издания с 1957 года 2012-8/134 3575297